000
00257nam a22000977a 4500
041
_a
ENG
100
_a
Brooks D.H
245
_a
Forein Direct Investment In Develop in Asia Trends Eherost Likely Issues For
260
_a
Delhi
_b
Asian Devlopar
_c
2003
300
_a
44
999
_c
3172
_d
3172